>1>Show #9059 - Thursday, March 14, 2024>div>
>2024 Tournament of Champions final game 3.

Contestants

>[&lt;< previous game]

> href="showplayer.php?player_id=17392" rel="external">Ben Chan>, a philosophy professor from Green Bay, Wisconsin

> href="showplayer.php?player_id=17395" rel="external">Troy Meyer>, a music executive from Tampa, Florida

> href="showplayer.php?player_id=17378" rel="external">Yogesh Raut>, a social and personality psychologist from Vancouver, Washington

>[next game >>]

Jeopardy! Round

ble class="round"> <tr> <tr>able>
>LOOK AT THE MAP
>td>
<tr> <tr>able>
>HEALTH & MEDICINE
>td>
<tr> <tr>able>
>KHAN YOU DIG IT?
>td>
<tr> <tr>able>
>FESTIVALS
>td>
<tr> <tr>able>
>SONGS OF YOUTH
>td>
<tr> <tr>able> </tr> <tr> </tr> <tr> </tr> <tr> </tr> <tr> </tr> <tr> </tr> <tr> </tr> <tr> </tr> <tr> </tr> <tr> </tr> <tr> </tr> <tr> </tr> <tr> </tr> <tr> </tr> <tr> </tr> <tr> </tr> <tr> </tr> <tr> </tr> <tr> </tr> <tr> </tr> <tr> </tr> <tr> </tr> <tr> </tr> <tr> </tr> <tr> </tr> <tr> </tr> <tr> </tr> <tr> </tr> <tr> </tr> <tr> </tr> <tr> </tr> <tr> </tr> <tr> </tr> <tr> </tr> <tr> </tr> <tr> </tr> able>

Scores at the first commercial break (after clue 15):

>CROSSWORD CLUES "R"
>td>
<tr> <td>
>&#160;   >$200 > href="suggestcorrection.php?clue_id=516797" title="Suggest a correction for this clue" rel="nofollow">30>td>
>Let's look at the two main islands of this> alliterative Caribbean country <tr> <td>
>&#160;   >$200 > href="suggestcorrection.php?clue_id=516798" title="Suggest a correction for this clue" rel="nofollow">29>td>
>Doing this lifesaving procedure to the beat of "Stayin' Alive" by the Bee Gees can help keep a proper rate <tr> <td>
>&#160;   >$200 > href="suggestcorrection.php?clue_id=516799" title="Suggest a correction for this clue" rel="nofollow">28>td>
>To improve London's natural biodiversity Mayor Sadiq Khan released a family of these dam rodents into a wetland in West London <tr> <td>
>&#160;   >$200 > href="suggestcorrection.php?clue_id=516800" title="Suggest a correction for this clue" rel="nofollow">27>td>
>Traditionally, the lights sent aloft> in Taiwan's Pingxi Sky Lantern Festival are made from this paper <tr> <td>
>&#160;   >$200 > href="suggestcorrection.php?clue_id=516801" title="Suggest a correction for this clue" rel="nofollow">26>td>
>In 2004 Natasha Bedingfield sang, "Today is where your book begins, the rest is still" this title word <tr> <td>
>&#160;   >$200 > href="suggestcorrection.php?clue_id=516802" title="Suggest a correction for this clue" rel="nofollow">25>td>
>What's all this noise?
(6 letters)
<tr> <td>
>&#160;   $400 9>td>
>This Mediterranean capital has endured for more than two millennia <tr> <td>
>&#160;   $400 20>td>
As seen in the >X-ray, the patient has this sideways curvature of the spine that's often diagnosed in adolescence <tr> <td>
>&#160;   $400 21>td>
In 2021 Lina Khan began serving as chair of this agency, FTC for short <tr> <td>
>&#160;   $400 22>td>
It's held for about 2 weeks each May, & in 2023 awarded its Palme d'Or to "Anatomy of a Fall" <tr> <td>
>&#160;   $400 23>td>
Inspired by her bestie, Tay Tay sang when "somebody tells you they love you" at this title age "you're gonna believe them" >YogeshTroy>tr>>able width="100%">r>Triple Stumper>tr>>td> </tr> able> <tr> <td>
>&#160;   $400 24>td>
A clever trick or stratagem
>(4 letters)
<tr> <td>
>&#160;   $600 > href="suggestcorrection.php?clue_id=516774" title="Suggest a correction for this clue" rel="nofollow">4>td>
>More than 40 inhabited islands make up the groups known as the Inner & Outer these>td> <tr> <td>
>&#160;   $600 > href="suggestcorrection.php?clue_id=516780" title="Suggest a correction for this clue" rel="nofollow">10>td>
>Jaundice can be a symptom of this liver inflammation that has 5 main viruses labeled A-E <tr> <td>
>&#160;   $600 > href="suggestcorrection.php?clue_id=516783" title="Suggest a correction for this clue" rel="nofollow">11>td>
>This singer lent her voice to the band Rufus in the 1970s; as a solo performer, she had a hit with "I'm Every Woman" <tr> <td>
>&#160;   $600 14>td>
An art studio called Poetic Kinetics created the ginormous floating astronaut for the 2014 edition of this SoCal music festival <tr> <td>
>&#160;   $600 12>td>
"No regrets, just love, we can dance until we die", sang Katy Perry, who was "livin"' one of these, also her album title <tr> <td>
>&#160;   $600 17>td>
A spinning spit for cooking meat
>(10 letters)
<tr> <td>
>&#160;   $800 > href="suggestcorrection.php?clue_id=516775" title="Suggest a correction for this clue" rel="nofollow">2>td>
>It's the geographically appropriate name for the troubled country seen here>td> <tr> <td>
>&#160;   $800 > href="suggestcorrection.php?clue_id=516781" title="Suggest a correction for this clue" rel="nofollow">7>td>
>In this early stage of periodontal disease, your gums may become swollen & bleed <tr> <td>
>&#160;   $800 > href="suggestcorrection.php?clue_id=516784" title="Suggest a correction for this clue" rel="nofollow">8>td>
>According to a 13th century "Secret History", this leader was born clutching "a clot of blood the size of a knucklebone" <tr> <td>
>&#160;   $800 5>td>
Every summer the Bayreuth Music Festival in Bavaria presents works by this composer <tr> <td>
>&#160;   $800 1>td>
Nate Ruess & this band implored, "We are young so let's set the world on fire" <tr> <td>
>&#160;   $800 > href="suggestcorrection.php?clue_id=516795" title="Suggest a correction for this clue" rel="nofollow">19>td>
>The nose knows it's inflammation of its mucous membranes
(8 letters)
<tr> <td>
>&#160;   $1000 3>td>
Much of Argentina is covered by >these vast plains that extend from the Atlantic coast to the foothills of the Andes <tr> <td>
>&#160;   $1000 13>td>
Most recover fully from this syndrome, GBS for short, that affects the peripheral nervous system & is named for 2 French Drs. <tr> <td>
>&#160;   DD: $2,600 15>td>
The Aga Khans hold this title as leaders of the Shiite Nizari Ismaili sect Troy>tr>>td> </tr> able> <tr> <td>
>&#160;   $1000 6>td>
Blue for Krishna is just one of the hues in this festival of colors on the day of the full moon <tr> <td>
>&#160;   $1000 16>td>
Fresh out of high school, >this R&B singer's smash debut album "American Teen", had songs like "Young Dumb & Broke" <tr> <td>
>&#160;   $1000 18>td>
Fishie doing a ridealong on a shark
>(6 letters)
Yogesh Troy Ben! 文瀚
$3,200 $0 $4,600

Scores at the end of the Jeopardy! Round:

Yogesh Troy Ben! 文瀚
$4,600 $2,800 $5,800

Double Jeopardy! Round

ble class="round">
<tr> <tr>able>
>ANCIENT HISTORY
>td>
<tr> <tr>able>
>BOOKS BY REPORTERS
>td>
<tr> <tr>able>
>MEMORIALS & MONUMENTS
>td>
<tr> <tr>able> </tr> <tr>
>IT'S A FACT!
>td>
<tr> <tr>able>
>THE NAME ON THE OSCAR
>td>
<tr> <tr>able> </tr> <tr> </tr> <tr> </tr> <tr> </tr> <tr> </tr> <tr> </tr> <tr> </tr> <tr> </tr> <tr> </tr> <tr> </tr> <tr> </tr> <tr> </tr> <tr> </tr> <tr> </tr> <tr> </tr> <tr> </tr> <tr> </tr> <tr> </tr> <tr> </tr> <tr> </tr> <tr> </tr> <tr> </tr> <tr> </tr> <tr> </tr> <tr> </tr> <tr> </tr> <tr> </tr> <tr> </tr> <tr> </tr> <tr> </tr> <tr> </tr> <tr> </tr> <tr> </tr> <tr> </tr> <tr> </tr> <tr> </tr> able>

Scores at the end of the Double Jeopardy! Round:

>ENDS IN "IX"
>td>
<tr> <td>
>&#160;   $400 > href="suggestcorrection.php?clue_id=516823" title="Suggest a correction for this clue" rel="nofollow">30>td>
>It's thought Chinese emperor Qin Shi Huang died after ingesting this liquid element that he believed would make him immortal <tr> <td>
>&#160;   $400 > href="suggestcorrection.php?clue_id=516824" title="Suggest a correction for this clue" rel="nofollow">29>td>
>In 1923 E.B. White was fired by the Seattle Times; he'd later find success with this 1945 tale about a mouselike boy <tr> <td>
>&#160;   $400 > href="suggestcorrection.php?clue_id=516825" title="Suggest a correction for this clue" rel="nofollow">28>td>
>A real high point of this city is the nearly 360-foot-tall memorial to José Martí in Revolution Square <tr> <td>
>&#160;   $400 > href="suggestcorrection.php?clue_id=516829" title="Suggest a correction for this clue" rel="nofollow">27>td>
>As of January 1, 2024, California has a new state this, a golden chanterelle <tr> <td>
>&#160;   $400 > href="suggestcorrection.php?clue_id=516830" title="Suggest a correction for this clue" rel="nofollow">26>td>
>Best Actor, 2012, for "Lincoln" <tr> <td>
>&#160;   $400 > href="suggestcorrection.php?clue_id=516831" title="Suggest a correction for this clue" rel="nofollow">25>td>
>To make a new version of something, like The Chemical Brothers' adaptation of "Voodoo People" by The Prodigy <tr> <td>
>&#160;   $800 > href="suggestcorrection.php?clue_id=516804" title="Suggest a correction for this clue" rel="nofollow">3>td>
>Crimes punishable by death in this 282-law collection included robbery, false accusation & priestesses drinking with commoners <tr> <td>
>&#160;   $800 > href="suggestcorrection.php?clue_id=516812" title="Suggest a correction for this clue" rel="nofollow">12>td>
>Newspaperman Ben Hecht wrote the novel "Erik Dorn" & then wrote for the movies with this director's "Spellbound" <tr> <td>
>&#160;   $800 > href="suggestcorrection.php?clue_id=516826" title="Suggest a correction for this clue" rel="nofollow">23>td>
> href="https://www.j-archive.com/media/2024-03-14_DJ_23.jpg" target="_blank">This> national monument & natural wonder attracts people from all over to Utah; the one for our dearly departed pets is different <tr> <td>
>&#160;   $800 > href="suggestcorrection.php?clue_id=516814" title="Suggest a correction for this clue" rel="nofollow">14>td>
>Unlike other cats, this fastest one doesn't have fully retractable claws <tr> <td>
>&#160;   $800 > href="suggestcorrection.php?clue_id=516818" title="Suggest a correction for this clue" rel="nofollow">17>td>
>Best picture, 2019, starring Song Kang Ho & Cho Yeo Jeong <tr> <td>
>&#160;   $800 > href="suggestcorrection.php?clue_id=516832" title="Suggest a correction for this clue" rel="nofollow">24>td>
>This 2-syllable word means to attach, like a postscript to a letter or a label to a package <tr> <td>
>&#160;   $1200 > href="suggestcorrection.php?clue_id=516805" title="Suggest a correction for this clue" rel="nofollow">2>td>
>In "Meditations" this Roman emperor reminds himself not to be irritated at other people's bad breath: "That's the way his mouth is" <tr> <td>
>&#160;   $1200 > href="suggestcorrection.php?clue_id=516809" title="Suggest a correction for this clue" rel="nofollow">7>td>
>Willard Motley wrote novels as well as Bud Billiken newspaper columns for this city's Black weekly The Defender <tr> <td>
>&#160;   $1200 > href="suggestcorrection.php?clue_id=516827" title="Suggest a correction for this clue" rel="nofollow">22>td>
>Native American leaders want the name of this first U.S. natl. monument changed, saying it's offensive & based on a mistranslation <tr> <td>
>&#160;   $1200 > href="suggestcorrection.php?clue_id=516815" title="Suggest a correction for this clue" rel="nofollow">10>td>
>Belize, in Central America, was formerly a colony called this <tr> <td>
>&#160;   $1200 > href="suggestcorrection.php?clue_id=516819" title="Suggest a correction for this clue" rel="nofollow">16>td>
>Best Supporting Actor, 2019, for "Once Upon a Time... in Hollywood" <tr> <td>
>&#160;   DD: $12,200 > href="suggestcorrection.php?clue_id=516820" title="Suggest a correction for this clue" rel="nofollow">20>td>
>This town at the foot of Mont Blanc hosted the first Winter Olympics in 1924 <tr> <td>
>&#160;   $1600 > href="suggestcorrection.php?clue_id=516803" title="Suggest a correction for this clue" rel="nofollow">1>td>
>Praising the defense of democracy, Pericles' funeral oration of 431 B.C. was given for soldiers fallen in this conflict <tr> <td>
>&#160;   $1600 > href="suggestcorrection.php?clue_id=516807" title="Suggest a correction for this clue" rel="nofollow">6>td>
>This New Journalism leader wrote the novel "I Am Charlotte Simmons", about early 21st century college life <tr> <td>
>&#160;   DD: $5,600 > href="suggestcorrection.php?clue_id=516810" title="Suggest a correction for this clue" rel="nofollow">9>td>
>Dedicated to the memory of great Frenchmen, it's the final resting place of women too, including Marie Curie & Simone Veil <tr> <td>
>&#160;   $1600 > href="suggestcorrection.php?clue_id=516811" title="Suggest a correction for this clue" rel="nofollow">8>td>
>In the U.S. a quadrillion has this many zeros <tr> <td>
>&#160;   $1600 > href="suggestcorrection.php?clue_id=516817" title="Suggest a correction for this clue" rel="nofollow">15>td>
>Best Supporting Actress, 1973, for "Paper Moon" <tr> <td>
>&#160;   $1600 > href="suggestcorrection.php?clue_id=516821" title="Suggest a correction for this clue" rel="nofollow">19>td>
>This comic book hero who battles the Romans with his pal Obelix was introduced in 1959 <tr> <td>
>&#160;   $2000 > href="suggestcorrection.php?clue_id=516806" title="Suggest a correction for this clue" rel="nofollow">4>td>
>The Pyramids> of Meroë in modern-day Sudan were built in the land of this 4-letter ancient kingdom <tr> <td>
>&#160;   $2000 > href="suggestcorrection.php?clue_id=516813" title="Suggest a correction for this clue" rel="nofollow">13>td>
>This scribe worked the baseball beat for a N.Y. paper but got his potatoes with the story collection "Guys & Dolls" & whatnot <tr> <td>
>&#160;   $2000 > href="suggestcorrection.php?clue_id=516828" title="Suggest a correction for this clue" rel="nofollow">21>td>
>Located on Israel's Mount of Remembrance, this memorial center commemorates the victims & the heroes of the Holocaust <tr> <td>
>&#160;   $2000 > href="suggestcorrection.php?clue_id=516816" title="Suggest a correction for this clue" rel="nofollow">11>td>
>Stepping down in 2024 after 52 years on the throne, she had the longest reign of any Danish monarch <tr> <td>
>&#160;   $2000 > href="suggestcorrection.php?clue_id=516808" title="Suggest a correction for this clue" rel="nofollow">5>td>
>Best Director, 2014, for "Birdman" & 2015, for "The Revenant" <tr> <td>
>&#160;   $2000 > href="suggestcorrection.php?clue_id=516822" title="Suggest a correction for this clue" rel="nofollow">18>td>
>It means verbose or redundant
Yogesh Troy Ben! 文瀚
$29,600 $15,200 $17,800

>[wagering suggestions for these scores]

Final Jeopardy! Round

ble class="final_round">
<table> <tr>d class="category_name">THE UNITED NATIONS>tr>
>td>tr>
iv>
<tr> <td id="clue_FJ" class="clue_text">Of the 9 countries that have produced a U.N. Secretary-General, this nation is the only one from its hemisphere